000 00666nam a22002177a 4500
003 UA-OsUOA
001 63590
007 ta
008 20091009b un ||||| |||| 00| 0 ukr d
100 _aСелінджер Дж. Д.
090 _a82
_bС29
942 _cSA
040 _aUA-OsUOA
_bfre
_cUA-OsUOA
_dUA-OsUOA
245 _aДля Есме з любов'ю і мерзотою. З англійської переклав Дмитро Кузьменко
300 _aС.76-90
955 _a0
041 _afre
080 _a82
773 0 _w63589
_tВсесвіт
_dК.
_d2009
_g8
650 7 _a82 Література. Літературознавство
_2UDC
999 _c349932
_d349932